Cyclisme: Les champions nationaux 2022 - Statistiques

Statistiques générales
  • Ce quiz a été pris 139 fois
  • Le résultat moyen est 6 sur 19
Statistiques - réponses
Nation Champion National % Correct
🇨🇵 France Florian Sénéchal
71%
🇧🇪 Belgique Tim Merlier
61%
🇩🇪 Allemagne Nils Politt
51%
🇭🇺 Hongrie Attila Valter
50%
🇮🇹 Italie Filippo Zana
44%
🇪🇸 Espagne Carlos Rodriguez
43%
🇵🇹 Portugal Joao Almeida
43%
🇦🇺 Australie Lucas Plapp
43%
🇬🇧 Royaume Uni Mark Cavendish
38%
🇨🇴 Colombie Sergio Higuita
36%
🇦🇹 Autriche Felix Großschartner
31%
🇧🇻 Norvège Rasmus Tiller
20%
🇮🇱 Israel Itamar Einhorn
17%
🇳🇱 Pays-Bas Pascal Eenkhoorn
16%
🇿🇦 Afrique du Sud Janse van Rensburg
14%
🇪🇷 Erythree Merhawi Kudus
14%
🇩🇰 Danemark Alexander Kamp
13%
🇨🇦 Canada Pier-André Coté
10%
🇰🇿 Kazakhstan Yevgeniy Gidich
7%
Aucun quiz correspondant
Distribution des résultats
% des personnes avec chaque résultat
Percentile par nombre de réponses
Votre historique - résultats
Vous n’avez pas pris ce quiz